000 01330nam a2200349Ia 4500
001 ebr10047980
003 CaPaEBR
006 m u
007 cr cn|||||||||
008 020701s2002 enk sb 001 0 eng d
010 _z 2001027367
015 _aGBA2-43309
020 _z0333922530(cased)
020 _z0333922549(pbk.)
040 _aCaPaEBR
_cCaPaEBR
035 _a(OCoLC)54885983
050 1 4 _aPR6011.O58
_bZ6538 2002eb
082 0 4 _a823.912
_221
100 1 _aEdwards, Mike,
_d1942-
245 1 0 _aE.M. Forster
_h[electronic resource] :
_bthe novels /
_cMike Edwards.
260 _aBasingstoke :
_bPalgrave,
_c2002.
300 _axii, 222 p.
490 1 _aAnalysing texts
504 _aIncludes bibliographical references and index.
533 _aElectronic reproduction.
_bPalo Alto, Calif. :
_cebrary,
_d2009.
_nAvailable via World Wide Web.
_nAccess may be limited to ebrary affiliated libraries.
600 1 0 _aForster, E. M.
_q(Edward Morgan),
_d1879-1970
_xCriticism and interpretation.
650 0 _aEnglish literature
_y20th century
_xHistory and criticism.
655 7 _aElectronic books.
_2local
710 2 _aebrary, Inc.
830 0 _aAnalysing texts.
856 4 0 _uhttp://site.ebrary.com/lib/rucke/Doc?id=10047980
_zAn electronic book accessible through the World Wide Web; click to view
999 _c181106
_d181106